MARC details
| 000 -LEADER |
| fixed length control field |
00866cab a2200193 4500 |
| 001 - CONTROL NUMBER |
| control field |
##L132759 |
| 008 - FIXED-LENGTH DATA ELEMENTS--GENERAL INFORMATION |
| fixed length control field |
060307n2006 000 0 eng u |
| 035 ## - SYSTEM CONTROL NUMBER |
| System control number |
(Sirsi) u132759 |
| 041 0# - LANGUAGE CODE |
| Language code of text/sound track or separate title |
eng |
| 245 00 - TITLE STATEMENT |
| Title |
Key data |
| Remainder of title |
global property markets |
| 260 ## - PUBLICATION, DISTRIBUTION, ETC. |
| Date of publication, distribution, etc. |
2006 |
| 490 #0 - SERIES STATEMENT |
| Series statement |
EuroProperty |
| Volume/sequential designation |
March 2006, 28(1) |
| 520 ## - SUMMARY, ETC. |
| Summary, etc. |
For the first time in a decade, asking rents for best space increased in all the 10 major global office markets last year. It was reported that London and Hong Kong were among the strongest office markets in the world, with significant increases in asking rent and declining vacancy rates. The article lists the top 10 ranking of prime office rents and the top 20 global office occupancy costs. |
| 590 ## - LOCAL NOTE (RLIN) |
| Local note |
IKA140306 |
| 650 24 - SUBJECT ADDED ENTRY--TOPICAL TERM |
| Topical term or geographic name entry element |
LONDON |
| 650 24 - SUBJECT ADDED ENTRY--TOPICAL TERM |
| Topical term or geographic name entry element |
HONG KONG |
| 690 ## - LOCAL SUBJECT ADDED ENTRY--TOPICAL TERM (OCLC, RLIN) |
| Topical term or geographic name as entry element |
PROPERTY-COMMERCIAL PROPERTY-OFFICE PROPERTY |
| 942 ## - ADDED ENTRY ELEMENTS (KOHA) |
| Suppress in OPAC |
0 |